| 000 | 01020nam a2200325 a 4500 | ||
|---|---|---|---|
| 999 |
_c142129 _d142129 |
||
| 001 | vtls000694093 | ||
| 003 | PNM | ||
| 005 | 20180728150203.0 | ||
| 008 | 121101t20132013my | e | 000 f may | ||
| 015 | _aM12-14767 | ||
| 020 |
_a9789671151204 _cRM32.90 _qpaperback |
||
| 039 | 9 |
_a201212201510 _baidayas _c201212191502 _dnooraini _c201212110816 _dmanoriah _c201212071049 _dkhuraisah |
|
| 040 |
_aBNM _cPNM _beng _dPPAK _erda |
||
| 049 | _aklpmal | ||
| 082 | 0 | 4 |
_a899.233 _223 |
| 090 | 0 | 0 |
_a899.233 _bTIE _dG |
| 100 | 1 |
_aTiew, Samuill C. K. _eauthor. |
|
| 245 | 1 | 0 |
_aJohn Solomon & the fifth island / _cSamuel Tiew C.K |
| 246 | 3 | _aJohn Solomon and the fifth island | |
| 250 | _aEDISI BAHASA MELAYU | ||
| 264 | 1 |
_aKlang, Selangor : _bMonopoly Publications, _c2013 |
|
| 264 | 4 | _c© 2013 | |
| 300 |
_aviii, 414 pages ; _c19 cm |
||
| 336 |
_2rdacontent _atext |
||
| 337 |
_2rdamedia _aunmediated |
||
| 338 |
_2rdacarrier _avolume |
||
| 650 | 1 | 0 | _aMalaysian fiction (Malay) |
| 650 | 2 | 0 | _aMalay fiction |
| 942 |
_2ddc _cB |
||